Statistics for NRL Maths

Click here to take the quiz!

General Stats

  • This quiz has been taken 1,334 times
  • The average score is 6 of 6

Answer Stats

Hint Answer % Correct
How Many Points Is A Field Goal?1 Point
100%
How Many Points Is A Conversion (Goal)?2 Points
100%
How Many Points Is A Try?4 Points
99%
How Many Points Do You Get If You Score A Try While Getting Fouled And Make Both Conversions?8 Points
96%
How Many Metres Is A Rugby League Field?100m
94%
If I Kick A 40/20 How Many Metres Does The Ball Travel?40m
88%

Score Distribution

Percentile by Number Answered

Percent of People with Each Score

Your Score History

You have not taken this quiz